000 00618nam a2200193Ia 4500
005 20250508165111.0
008 008 250505s9999 xx 000 0 eng d
037 _aDissertations
040 _aFEDL
_beng
_cFEDL
041 _aeng
_2eng
084 _a155.5, SEH/DI
_qFEDL
100 _aSehgal Swati
_9779887
245 0 _aIdentity development and familial relations during adolescence: Refelctions from contemporary Indian writers in english
260 _c2011
300 _a95p.
546 _aM. Ed. Dissertation, (Delhi University)
942 _cDIS
_h155.5, SEH/DI
999 _c1393170
_d1393170